Παγκόσμια γεωγραφική εγκυκλοπαίδεια νέα έκδοση 2006-2007
Η Παγκόσμια Γεωγραφική Εγκυκλοπαίδεια φιλοδοξεί να αποτελέσει μία πλήρη, αναλυτική και ενημερωμένη βάση γεωγραφικών δεδομένων. Απευθύνεται τόσο στους εκπαιδευτικούς και στους μαθητές της πρωτοβάθμιας και της δευτεροβάθμιας εκπαίδευσης, όσο και σε όλους αυτούς που θέλουν ένα έγκυρο και σύγχρονο εργαλ...
Αποθηκεύτηκε σε:
| Συγγραφή απο Οργανισμό/Αρχή: | |
|---|---|
| Άλλοι συγγραφείς: | , |
| Μορφή: | Ηλεκτρονική πηγή |
| Γλώσσα: | Greek |
| Δημοσίευση: |
Αθήνα; θεσσαλονίκη :
MLS Πληροφορική Α.Ε./MLS Multimedia A.E.,
2006
|
| Θέματα: | |
| Ετικέτες: |
Προσθήκη ετικέτας
Δεν υπάρχουν, Καταχωρήστε ετικέτα πρώτοι!
|
MARC
| LEADER | 00000nmm a2200000 i 4500 | ||
|---|---|---|---|
| 001 | 1/44830 | ||
| 008 | 070523s2006 gr gre d | ||
| 020 | |a 960-8115-84-1 | ||
| 020 | |a 960-8115-83-3 | ||
| 035 | |l 10087960 | ||
| 040 | |a GR-MY-UA |b gre |e aacr | ||
| 041 | 0 | |a gre | |
| 082 | 0 | |a 910.3 |2 (22η εκδ.) | |
| 245 | 1 | 0 | |a Παγκόσμια γεωγραφική εγκυκλοπαίδεια |h [αρχείο Η/Υ] : |b νέα έκδοση 2006-2007 / |c υπεύθυνος παραγωγής: Παναγιώτης Χριστοδουλίδης ; εκπαιδευτικός σχολιασμός-επιμέλεια: Ηλίας Σαββόπουλος |
| 260 | |a Αθήνα; θεσσαλονίκη : |b MLS Πληροφορική Α.Ε./MLS Multimedia A.E., |c 2006 | ||
| 300 | |a 1 οπτική δισκέτα λέιζερ Η/Υ; |b χάρτες, έγχρ. εικ.; |c 4 3/4 ιν.+ |e 1 συνοπτικός οδηγός των κρατών της γης | ||
| 500 | |a Σε χάρτινη θήκη (26 εκ.) | ||
| 505 | 0 | |a Περιλαμβάνει βιβλίο-οδηγό των κρατών της γης | |
| 520 | |a Η Παγκόσμια Γεωγραφική Εγκυκλοπαίδεια φιλοδοξεί να αποτελέσει μία πλήρη, αναλυτική και ενημερωμένη βάση γεωγραφικών δεδομένων. Απευθύνεται τόσο στους εκπαιδευτικούς και στους μαθητές της πρωτοβάθμιας και της δευτεροβάθμιας εκπαίδευσης, όσο και σε όλους αυτούς που θέλουν ένα έγκυρο και σύγχρονο εργαλείο άντλησης πληροφοριών και γεωγραφικής γνώσης | ||
| 538 | |a Ελάχιστες απαιτήσεις: Windows (98 2nd edition/Millenium/2000/XP/NT SP6); Pentium II, στα 350Mhz και ανώτερο; 32 MB κάρτα γραφικών, CD-ROM 36x | ||
| 650 | 0 | 0 | |a Geography |x Encyclopedias. |
| 700 | 1 | |a Χριστοδουλίδης, Παναγιώτης. |4 pro | |
| 700 | 1 | |a Σαββόπουλος, Ηλίας. |4 edt | |
| 710 | 2 | |a MLS multimedia. | |
| 852 | |a INST |b LESVOS |c AV |e 20070523 |h 910.3 ΠΑΓ |p 005100038167 |q 005100038167 |t ENTH |y 0 | ||
| 852 | |a INST |b LESVOS |c AV |e 20070523 |h 910.3 ΠΑΓ |p 005100038168 |q 005100038168 |t ENTH |y 0 | ||
| 901 | |a BIBL1-2007-2 | ||
| 909 | |a Λ |b 133929 | ||
| 909 | |a Λ |b 132619 | ||
| 922 | |a 1ΕΛΗ |b 200704 |c ΕΠΕΑΕΚ2/ΤΓ |d ΕΚΔΟΣΕΙΣ ΕΜΒΡΥΟ | ||
| 970 | |a ΚΑΡΑ |b ΓΙΑΣΕΜΗ |z 2007/05/23 | ||